000 00297nam a22001337a 4500
008 170607b xxu||||| |||| 00| 0 eng d
020 _a9781889119342
041 _aeng
080 _23 ED
_a32
100 _a18
101 _aSHP
245 _aPOLITICS IN EUROPE
_cHANCOCK.M.D
942 _2udc
_cBK
999 _c16317
_d16317